[Event "Chess Festival Cracovia B 2020"]
[Site "Krakow"]
[Date "2020.12.29"]
[Round "3.10"]
[White "Rudnik, Anna"]
[Black "Janus, Przemyslaw"]
[Result "1/2-1/2"]
[WhiteElo "1799"]
[BlackElo "2062"]
[Annotator "TA"]
[PlyCount "145"]
[EventDate "2020.12.28"]
[EventCountry "POL"]
[SourceTitle "playchess.com"]
[Source "ChessBase"]
[SourceQuality "1"]

{[%evp 12,145,26,33,44,33,60,34,46,54,58,48,47,53,90,89,108,92,90,66,107,6,137,152,135,134,234,246,213,94,98,95,85,79,83,79,85,43,64,65,125,127,215,79,78,18,31,8,12,3,6,8,5,4,102,0,0,0,0,4,12,18,33,0,5,-19,-16,-16,-16,-16,-19,-19,-18,-20,-8,-13,-18,-95,-87,-218,-200,-190,-122,-122,-122,-145,-111,-123,-132,-137,0,0,-1,-129,-123,-121,-28,-549,-542,-527,-520,-484,-454,-424,-14,-20,-27,-41,-44,-52,0,0,0,0,0,0,0,0,0,0,0,0,0,0,0,0,0,0,0,0,0,0,0,0,0,0]} 1. e4 c5 2. Ne2 d6 3. g3 g6 4. Bg2 Bg7 5. O-O Nf6 6. c3 O-O 7. d4 cxd4 {B06: Modern Defence.} 8. cxd4 Nc6 9. h3 Bd7 {White is slightly better.} 10. Nbc3 Rc8 11. Be3 a6 12. Qd2 Na5 13. b3 $1 Nc6 {[#]} 14. Rad1 $146 ({Predecessor:} 14. g4 b5 15. Ng3 b4 16. Nce2 a5 17. g5 Ne8 18. f4 Na7 19. Rae1 Nb5 20. f5 {1-0 (35) Bartel,M (2360)-Lupik,M (2190) Katowice 2017}) 14... Qa5 15. f4 Rfd8 16. Na4 (16. e5 $16) 16... b5 (16... Nb4 $1 $11 {keeps the balance.} 17. a3 Rc2 18. axb4 Rxd2 19. bxa5 Rxe2) 17. Qxa5 $16 Nxa5 18. Nb6 Rc6 (18... Rb8 $16 {keeps fighting.}) 19. Nxd7 $18 Nxd7 20. e5 (20. Bd2 $18 Nb7 21. e5) 20... Rc2 $16 21. Rd2 Rdc8 22. Be4 R2c7 23. Rdd1 Nc6 24. Bd2 Bf8 25. d5 Ncb8 ({Black should play} 25... Nd8 $14) 26. Ba5 Ra7 (26... Rc5 $16 {is a better defense.}) 27. exd6 (27. e6 $18) 27... exd6 28. f5 (28. Bf3 $16) 28... Nc5 $11 29. Bb1 Re7 30. Nf4 Nbd7 31. fxg6 hxg6 32. h4 Ne5 (32... Ne4 $11 {remains equal.}) 33. Rc1 (33. h5 $16) 33... Rce8 $1 34. Bb4 Ned7 35. h5 gxh5 36. Nxh5 Re5 37. Nf4 Bh6 38. Rce1 (38. Kg2 {seems wilder.} Nf6 39. Bxc5 dxc5 40. Rxc5 Bxf4 41. gxf4 Rh5 42. Rfc1) 38... Rxe1 39. Rxe1 Rxe1+ 40. Bxe1 Bxf4 41. gxf4 {[%mdl 4096] Endgame KBB-KNN} Nf6 42. b4 Ncd7 43. Bf5 Nb6 44. Bh4 (44. Kf2 $11) 44... Nfxd5 $17 45. Bd8 (45. Bf2 $17 {was worth a try.}) 45... Nc4 $19 46. Ba5 Nxa5 (46... Nxf4 47. Bc8 $17) (46... Nc3 $1 $19 47. a3 Nxa3) 47. bxa5 {KB-KN} Kf8 $1 (47... Nxf4 $6 48. Bc8 $11) 48. Bc8 Nc7 ({Much worse is} 48... Nxf4 $6 49. Bxa6 Ke7 50. Kf2 $11 (50. Bxb5 Kd8 $11)) 49. Kf2 Ke7 50. Ke3 Kd8 ({Black should try} 50... d5 $1 $17 51. Kd3 Kd6) 51. Bb7 $11 Kd7 52. f5 (52. Ke4 $1 $11) 52... d5 $1 $17 53. a3 {[#]} Kd6 (53... Ke7 $1 $17 {White must now prevent ...Kd6.} 54. Kd4 Kd6) 54. Kd4 $2 {[%mdl 8192]} (54. f6 $1 $11) 54... f6 $19 55. Bc8 Kc6 56. Kc3 {intending Kd4.} Kc5 57. Bb7 {[#]} d4+ $2 (57... Ne8 $1 $19 {And now ...Nd6! would win.} 58. Bxa6 Nd6) 58. Kb3 $1 $11 Kd6 {...Ke5 is the strong threat.} 59. Kc2 Ke5 60. Kd3 Kxf5 ({Better is} 60... Nd5 $15 61. Kc2 Ne3+ 62. Kc1 (62. Kd3 Nd5 $15) 62... Kd6 63. Bxa6 Kc5) 61. Kxd4 {Hoping for Kc5.The position is equal.} Ke6 $1 62. Kc5 {aiming for Kc6.} Kd7 63. Kb6 f5 64. Bg2 Kd6 65. Bh3 f4 66. Bg2 Kd7 67. Bf3 Kd6 68. Bg4 Nd5+ 69. Kxa6 b4 70. axb4 Nxb4+ 71. Kb5 Nc6 72. a6 Kc7 73. Kc5 {Never resign too early!  Weighted Error Value: White=0.34/Black=0.34} 1/2-1/2

[Event "Chess Festival Cracovia B 2020"]
[Site "Krakow"]
[Date "2020.12.29"]
[Round "3.11"]
[White "Zarnowski, Krzysztof"]
[Black "Wnek, Filip"]
[Result "1-0"]
[WhiteElo "2062"]
[BlackElo "1981"]
[Annotator "TA"]
[PlyCount "83"]
[EventDate "2020.12.28"]
[EventCountry "POL"]
[SourceTitle "playchess.com"]
[Source "ChessBase"]
[SourceQuality "1"]

{[%evp 14,83,38,55,87,82,86,89,94,97,98,98,98,88,129,104,171,170,160,117,122,127,127,150,179,179,185,174,167,114,94,75,110,127,100,97,106,87,174,128,407,397,749,744,718,750,1053,637,616,385,770,777,883,847,777,758,1197,804,792,799,991,977,2361,2239,29984,29985,29984,29983,29974,3550,29991,29988]} 1. d4 Nf6 2. c4 c5 3. d5 d6 4. Nc3 g6 5. e4 Bg7 6. Be2 O-O 7. Bg5 h6 8. Bf4 Ne8 {E74: King's Indian: Averbakh Variation: 6...c5.} 9. Qd2 Kh7 10. Nf3 Bg4 {[#] White is better.} 11. O-O $146 ({Predecessor:} 11. h3 Bxf3 12. Bxf3 Nd7 13. O-O Rb8 14. Be2 Qa5 15. a4 Nc7 16. Be3 Na6 17. f4 {1-0 (39) Zinser,S-Meinsohn,F Vittel 1973}) 11... Bxf3 12. Bxf3 Nd7 13. Be2 Nb6 14. a4 {[%cal Ba2a4,Ba4a5][%mdl 32]} e5 (14... Nd7 $16) 15. dxe6 $1 $18 fxe6 16. a5 Nc8 17. e5 Qe7 18. Qe3 Rxf4 19. Qxf4 Bxe5 20. Qf3 a6 21. Ra3 (21. Qh3 $18) 21... Na7 $16 22. Bd3 Nc6 23. Qg4 Qf7 24. f4 $36 {[%mdl 2048] White has strong initiative.} Bd4+ 25. Kh1 Ng7 (25... Nf6 $16 26. Qf3 Rf8) 26. Qh3 {aiming for Ne4.} Ne8 $2 {[%mdl 8192] Black cannot hold the game after this.} (26... d5 $16) 27. Ne4 $18 {[%cal Bc3e4,Be4g5,Bg5e6][%mdl 32] And now Ng5+ would win.} Kg7 $2 {[#]} (27... Kg8 28. Qxh6 Qh7 29. Qxh7+ Kxh7 30. Ng5+ Kg7 31. Nxe6+ Kf6) 28. Ng5 $1 {[%mdl 512]} Qf6 (28... hxg5 29. fxg5) 29. Nxe6+ Kh7 30. Ng5+ Kg7 31. Qd7+ Ne7 $2 (31... Qe7 32. Qxe7+ Nxe7 33. Ne6+ Kf7 34. Nxd4 cxd4) 32. Ne6+ Kf7 33. Qxb7 Rc8 34. Nxd4 Qxd4 35. Qxa6 Qxb2 36. Raa1 Nf6 37. Qxd6 Rc6 {[#]} 38. Bxg6+ $1 {[%mdl 64] Deflection} Kxg6 (38... Nxg6 39. Qxc6) 39. Qxe7 Ng4 40. Qe4+ Kg7 41. Qxc6 {White wants to mate with Rab1.} Qd4 42. Qf3 {Weighted Error Value: White=0.37/Black=0.75} 1-0

[Event "Chess Festival Cracovia B 2020"]
[Site "Krakow"]
[Date "2020.12.30"]
[Round "4.1"]
[White "Gorkiewicz, Mateusz"]
[Black "Jankowiak, Piotr"]
[Result "1/2-1/2"]
[WhiteElo "2014"]
[BlackElo "2031"]
[Annotator "NA"]
[PlyCount "100"]
[EventDate "2020.12.28"]
[EventCountry "POL"]
[SourceTitle "playchess.com"]
[Source "ChessBase"]
[SourceQuality "1"]

1. e4 e5 2. Nf3 Nc6 3. Nc3 Nf6 4. a3 a6 5. d4 exd4 6. Nxd4 Nxe4 7. Nxe4 Qe7 8. f3 d5 9. Nxc6 bxc6 10. Qe2 dxe4 11. Qxe4 Qxe4+ 12. fxe4 Bd6 13. Be3 O-O 14. Bd3 Re8 15. Kf2 c5 16. Rhe1 Bb7 17. Bd2 Be5 18. Rab1 Rad8 19. b3 Bd4+ 20. Kg3 Rd6 21. Be3 Rg6+ 22. Kf2 Bc3 23. Red1 f5 24. Bc4+ Kh8 25. Bf7 Bxe4 26. g3 Rb8 27. Bxg6 hxg6 28. Rd7 Be5 29. Bxc5 Bxc2 30. Re1 Bf6 31. b4 Rc8 32. Be7 Ba4 33. Rd5 Bc3 34. Re3 Bb2 35. Re2 c6 36. Rdd2 Bc3 37. Rd3 Ba1 38. Red2 Kh7 39. Bc5 Bb5 40. Rd7 Bc3 41. Rc2 Bf6 42. Rcd2 Re8 43. Ra7 Bc3 44. Ra2 Re4 45. a4 Bc4 46. Rc2 Be1+ 47. Kg1 Bb3 48. Rc1 Bxa4 49. Rxa6 Bb5 50. Ra7 Bxb4 1/2-1/2

[Event "Chess Festival Cracovia B 2020"]
[Site "Krakow"]
[Date "2020.12.30"]
[Round "4.2"]
[White "Musial, Tomasz"]
[Black "Cap, Piotr"]
[Result "1-0"]
[WhiteElo "2026"]
[BlackElo "2008"]
[Annotator "TA"]
[PlyCount "75"]
[EventDate "2020.12.28"]
[EventCountry "POL"]
[SourceTitle "playchess.com"]
[Source "ChessBase"]
[SourceQuality "1"]

{[%evp 17,75,56,49,37,52,43,56,48,73,70,139,73,72,34,40,42,89,80,85,77,158,110,116,71,85,62,50,14,18,0,65,65,61,62,136,127,167,90,283,286,276,276,291,286,302,270,323,321,321,321,337,340,468,459,588,570,570,569,518,450]} 1. d4 d6 2. Nf3 c6 3. c4 Qc7 4. g3 e5 5. Bg2 Nd7 6. O-O Ngf6 7. Nc3 Be7 8. Qc2 O-O 9. Rd1 Re8 10. b3 {A54: Old Indian Defence with Nf3, but without e4.} h6 11. Bb2 Bf8 {[#]} 12. e3 $146 {White is slightly better.} ({Predecessor:} 12. e4 exd4 13. Nxd4 Nc5 14. b4 Ne6 15. Nb3 Ng5 16. h4 Ngh7 17. a3 Ng4 18. Rd2 Ne5 {1-0 (69) Pel,B (2255)-Quesada Vera,L (2397) Bruges 2019}) 12... Be7 13. Rac1 Nh7 (13... Bf8 $14) 14. b4 ({White should play} 14. c5 $1) 14... Ng5 $16 15. b5 {Black must now prevent Nxg5.} Nxf3+ 16. Bxf3 Nb6 17. bxc6 bxc6 18. c5 Nc4 ({Black should try} 18... dxc5 19. dxc5 Nc4) 19. cxd6 Bxd6 20. Ne4 Nxb2 21. Qxb2 {Rxc6! is the strong threat.} Rb8 22. Qc2 Ba3 {[%cal Ra3c1]} 23. Qxc6 Qxc6 (23... Qe7 $1 $11) 24. Rxc6 $14 exd4 25. Rxd4 Rb1+ (25... Bh3 $14 26. Nc3 Rec8) 26. Kg2 $16 Rb2 {[#]} 27. Rc3 (27. Rc7 $1 $18) 27... Bb4 $2 {[#] Black cannot hold the game after this.} (27... Be7 $16 {is a better defense.}) 28. Rxb4 $1 $18 {[%mdl 576] Remove Defender} Rxb4 29. Nd6 {[%csl LRc8,LRe8][%mdl 64] Double Attack} Rd8 30. Rxc8 Rxc8 31. Nxc8 a5 32. Ne7+ Kf8 33. Nc6 Ra4 34. Bd5 f6 35. Bb3 {White is clearly winning.} Ra3 36. Nd4 a4 {[#]} 37. Nb5 $1 axb3 38. Nxa3 {Weighted Error Value: White=0.14/Black=0.39} 1-0

[Event "Chess Festival Cracovia B 2020"]
[Site "Krakow"]
[Date "2020.12.30"]
[Round "4.3"]
[White "Golenia, Jan"]
[Black "Ravlusevic, Evelina"]
[Result "1-0"]
[WhiteElo "2070"]
[BlackElo "1581"]
[Annotator "TA"]
[PlyCount "111"]
[EventDate "2020.12.28"]
[EventCountry "POL"]
[SourceTitle "playchess.com"]
[Source "ChessBase"]
[SourceQuality "1"]

{[%evp 14,111,65,33,37,0,0,-14,36,33,57,61,79,49,59,63,64,56,56,54,87,46,72,75,83,85,77,65,100,98,104,93,134,137,146,148,151,154,154,147,151,159,149,155,148,168,186,188,192,197,189,101,138,149,198,198,205,197,206,204,212,183,261,256,302,245,284,216,262,0,404,316,381,379,369,356,379,391,456,457,572,423,411,370,457,460,454,448,427,370,305,246,838,821,6135,5687,2034,328,2496,2317]} 1. d4 Nf6 2. c4 c5 3. d5 b5 4. cxb5 a6 5. b6 Qxb6 6. Nc3 d6 7. e4 g6 8. Bd3 Bg7 {A57: Benko/Volga Gambit.} 9. h3 O-O 10. Nf3 Nbd7 {The position is equal.} 11. O-O Bb7 12. Re1 e6 13. dxe6 fxe6 14. Bc4 {[#]} Rfe8 $146 ({Predecessor:} 14... Rae8 15. Ng5 Nxe4 16. Ngxe4 d5 17. Nxd5 exd5 18. Bxd5+ Kh8 19. Rb1 Bd4 20. Bxb7 Qxb7 {½-½ (36) Galarza Docampo,K (1901)-Torres Garcia,K (1975) Bilbao 2018}) 15. Ng5 Nf8 16. e5 Qc6 {[%csl Gb7][%cal Rc6g2]} 17. Qf3 {aiming for Qxc6.} (17. f3 {keeps more tension.} dxe5 18. Be3 Red8 19. Qb3 Nd5 20. Bf2) 17... Qxf3 18. Nxf3 ({Much weaker is} 18. gxf3 Nd5 $11) 18... dxe5 19. Nxe5 Nd5 20. Bd2 Rad8 {And now ...Nb6 would win.} 21. Bg5 Rb8 22. Na4 h6 23. Bd2 Nb4 {[#]} 24. Rac1 ({Don't do} 24. Nxc5 $6 Nc2 $14) 24... Bd5 25. a3 {[%cal Ba2a3,Ba3b4][%mdl 32]} Bxc4 26. axb4 ({Inferior is} 26. Nxc4 Nd3 $15) 26... Bb5 27. Nxc5 Rbd8 28. Bc3 Rd5 29. Ng4 e5 30. Ra1 h5 31. Ne3 Rd6 {[#]} 32. Nf1 (32. Nc2 $1 $18) 32... Nd7 33. Nd2 Nxc5 34. bxc5 Rd5 35. Ne4 Rc8 36. b4 Rc6 37. Ra3 Bd3 (37... Bf8 {is a better defense.} 38. Bb2 Bc4) 38. Nd6 $18 Kh7 39. f3 h4 40. Ne8 Bh8 41. Nd6 $2 (41. Re3 $18) 41... Rc7 $2 {[%mdl 8192]} (41... Bg7 $1 $11 42. Re3 Bb1) 42. Re3 Bb5 43. Nxb5 axb5 44. Re4 Bf6 45. Ra6 Kg7 46. f4 Re7 47. Bxe5 Bxe5 48. fxe5 {[%mdl 4096] Endgame KRR-KRR} Rd1+ 49. Kh2 g5 {and the idea ...Rf7 leaves Black hopeful.} 50. e6 Kf6 51. Ra5 Kf5 52. Re2 Rb1 $2 (52... Rxe6 53. Rxe6 Kxe6 54. Rxb5 Rc1) 53. Rxb5 Ra7 54. Ra5 Re7 55. b5 $2 (55. c6+ Kf6 56. Rc5) 55... Re8 $2 (55... Rxe6 56. Rf2+ Kg6) 56. e7 {Weighted Error Value: White=0.38/Black=0.40} 1-0

[Event "Chess Festival Cracovia B 2020"]
[Site "Krakow"]
[Date "2020.12.30"]
[Round "4.4"]
[White "Slabek, Grzegorz"]
[Black "Zarnowski, Krzysztof"]
[Result "0-1"]
[WhiteElo "1961"]
[BlackElo "2062"]
[Annotator "TA"]
[PlyCount "100"]
[EventDate "2020.12.28"]
[EventCountry "POL"]
[SourceTitle "playchess.com"]
[Source "ChessBase"]
[SourceQuality "1"]

{[%evp 9,100,6,6,6,5,12,0,0,6,-10,-13,-58,-66,-64,-63,-58,-40,-43,-43,-45,-41,-44,-53,-51,-44,-111,-108,-110,-94,-103,-93,-91,-95,-96,-94,-88,-37,-47,-46,-39,-48,-39,0,-31,-33,-33,-39,-39,-14,-14,-16,-18,-14,-20,19,-81,-69,-79,-83,-254,-87,-114,-87,-86,-85,-113,-105,-110,-124,-93,-89,-127,-115,-122,-121,-164,-145,-271,-254,-1222,-1220,-1173,-1087,-5810,-5497,-5810,-5810,-5810,-5804,-5118,-4882,-1924,-1833]} 1. Nf3 d5 2. d4 Nf6 3. e3 c5 4. Be2 Nc6 5. O-O Bg4 6. h3 {D04: Colle System.} Bxf3 7. Bxf3 cxd4 8. exd4 {The position is equal.} e6 9. b3 Bd6 {[#]} 10. Ba3 $146 ({Predecessor:} 10. c4 Bc7 11. Be3 h5 12. Nc3 h4 13. cxd5 Nxd5 14. Nxd5 exd5 15. Re1 O-O 16. Be2 {0-1 (37) Huszar,G (1927)-Domonkos,D (2040) Hungary 2012}) 10... Bxa3 11. Nxa3 Qa5 12. Nb1 Rc8 13. c3 O-O 14. a4 e5 15. b4 Qc7 16. b5 {[#]} e4 $1 17. Be2 ({Better is} 17. bxc6 $15 exf3 18. Qxf3) 17... Na5 $17 18. Ra3 Nd7 19. Nd2 Qd6 20. Qc1 f5 21. Qb2 Nb6 22. Qb4 {[#]} Qxb4 ({Black should play} 22... Rfd8 $1 $17) 23. cxb4 $15 Nac4 24. Nxc4 Nxc4 25. Rc3 Rc7 26. Rfc1 {[%cal Re2c4]} Rfc8 27. a5 b6 28. f3 Kf7 ({Don't play} 28... bxa5 $6 29. bxa5 e3 30. f4 $14) 29. fxe4 fxe4 30. Bg4 Rb8 31. a6 Ke7 32. Be2 (32. Bf5 $1 $11) 32... Rf8 $17 33. R3c2 Kd6 34. h4 $2 {[#]} (34. Rc3 $17 {was called for.}) 34... Rff7 $2 (34... Rfc8 $1 $19 {White must now prevent ...Ne3.} 35. Kf2 Na3 36. Rxc7 Rxc7 37. Rxc7 Kxc7) 35. h5 Rf8 36. Rc3 Rf4 37. Re1 Nd2 $36 {[%mdl 2048] Black is really pushing.} 38. Rec1 Rxc3 39. Rxc3 {[%mdl 4096] Endgame [#] KRB-KRN} Nc4 $1 40. Rg3 Rf7 41. Rc3 e3 42. g3 h6 43. Rb3 (43. Rc2 $17) 43... Rf2 $19 44. Bxc4 (44. Rxe3 Nxe3 45. Kxf2) 44... dxc4 {Black is clearly winning.} 45. Rxe3 {KR-KR} Rf7 46. Kg2 Rc7 47. Rc3 Kd5 48. Kf2 Kxd4 49. Rc1 c3 50. Ke2 Re7+ {Weighted Error Value: White=0.60/Black=0.08} 0-1

[Event "Chess Festival Cracovia B 2020"]
[Site "Krakow"]
[Date "2020.12.30"]
[Round "4.5"]
[White "Panek, Bartosz"]
[Black "Prieb, Robert"]
[Result "0-1"]
[WhiteElo "1981"]
[BlackElo "2032"]
[Annotator "TA"]
[PlyCount "78"]
[EventDate "2020.12.28"]
[EventCountry "POL"]
[SourceTitle "playchess.com"]
[Source "ChessBase"]
[SourceQuality "1"]

{[%evp 10,78,19,7,31,23,22,-12,-16,-6,-8,-18,-2,-25,0,-16,46,49,48,33,64,-33,-58,-24,170,12,10,0,6,8,-1,-144,-147,-150,-109,-166,-73,-87,-89,-64,-72,-26,-47,-131,-114,-124,-124,-155,-40,-232,-160,-191,-182,-256,-268,-262,-197,-205,-204,-435,-267,-289,-291,-1327,-1318,-1313,-1310,-29983,-29984,-29984,-29983]} 1. e4 c5 2. Nf3 d6 3. d4 cxd4 4. Nxd4 Nf6 5. Nc3 a6 6. Qf3 Nbd7 {[%cal Bb8d7,Bd7e5,Be5g4][%mdl 32] B90: Sicilian Najdorf: Unusual White 6th moves, 6 Be3 Ng4 and 6 Be3 e5.} 7. Be2 g6 {[#]} 8. g4 $146 ({Predecessor:} 8. h3 Bg7 9. Be3 Qc7 10. g4 h6 11. O-O-O b5 12. e5 Bb7 13. exf6 Nxf6 14. Qg3 {0-1 (40) Delgado Ramirez,N (2615)-Mareco,S (2599) Barreirinhas 2015}) 8... Ne5 {The position is equal.} 9. Qg2 Nexg4 (9... Bxg4 $2 10. f4 $16) 10. h3 Ne5 11. f4 Nc6 12. Be3 Bg7 (12... Bh6 $11) 13. O-O-O $1 $14 O-O 14. h4 {And now e5! would win.} h5 15. Nxc6 (15. f5 $1 $14) 15... bxc6 $15 16. f5 {[%mdl 64] Decoy} gxf5 $2 {[#]} (16... Qa5 $11 17. Bd4 (17. fxg6 Ng4 $17) 17... Rb8) 17. Qg5 $2 (17. Bxh5 $1 $18 {[%mdl 512]} Nxh5 18. Qg5) 17... Ng4 $1 $11 (17... Nxe4 $2 18. Nxe4 f6 19. Qg3 $18 (19. Bc4+ d5 $16)) 18. Rdg1 f6 19. Qxh5 Qe8 $1 {[%cal Re8h5]} (19... Nxe3 $2 20. Rxg7+ $1 {[%mdl 512]} Kxg7 21. Rg1+ Ng4 22. exf5 $18) 20. Bxg4 (20. Qxe8 $11 {remains equal.} Rxe8 21. h5 $1) 20... fxg4 $17 21. Qa5 Kh7 22. h5 (22. Re1 $17 {is a better defense.}) 22... Bh6 (22... f5 $19 {has better winning chances. ...f4 is the strong threat.} 23. exf5 Bxf5) 23. Nd1 Rb8 24. Bxh6 Kxh6 25. Ne3 Rg8 26. Nf5+ (26. Qd2 $15 Kh7 27. Qd3) 26... Kh7 27. Qa4 Rb5 28. Rh4 {[#]} Qf8 (28... Bxf5 29. exf5 g3 30. Rg4 $17) (28... g3 $1 $17 29. Qd4 Qf7) 29. h6 $2 ({White should try} 29. Rhxg4 $15 Rxg4 30. Rxg4) 29... Rg6 ({Weaker is} 29... Bxf5 30. exf5 Rxf5 31. Qe4 $15 (31. Rgxg4 Rfg5 $17)) 30. Nd4 Rc5 ({But not} 30... Rxh6 31. Rgh1 $15) 31. Qa3 (31. Nf5 {might work better.}) 31... Qf7 ({Resist} 31... Rxh6 32. Rgh1 $19) 32. Nf5 Bxf5 33. exf5 Rxf5 $40 {[%mdl 128] Hoping for ...g3. Black is out for blood.} 34. Qd3 (34. Rhxg4 Rxg4 35. Rxg4 Rf1+ 36. Kd2) 34... Qxa2 35. Rgxg4 Qa5 {Strongly threatening ...Rf1+!} 36. b4 $2 (36. Rxg6 Qe1+ 37. Qd1 Qxh4 38. Rg7+ Kxh6 39. Rxe7) 36... Qa1+ $19 37. Kd2 Rf2+ 38. Ke3 Qe1+ 39. Kd4 {[#]} Rd2 $1 {[%mdl 512] Weighted Error Value: White=0.73/Black=0.33} 0-1

[Event "Chess Festival Cracovia B 2020"]
[Site "Krakow"]
[Date "2020.12.30"]
[Round "4.6"]
[White "Szczurek, Krzysztof"]
[Black "Meers, Hubert"]
[Result "1-0"]
[WhiteElo "2031"]
[BlackElo "1986"]
[Annotator "TA"]
[PlyCount "103"]
[EventDate "2020.12.28"]
[EventCountry "POL"]
[SourceTitle "playchess.com"]
[Source "ChessBase"]
[SourceQuality "1"]

{[%evp 9,103,-16,-18,-37,-33,-37,-51,-62,-50,-72,-51,-51,-53,-62,-60,-109,-39,-39,-39,-37,-60,-68,-64,-65,111,146,534,546,561,557,529,529,800,788,815,733,1050,416,1812,1712,1091,547,476,457,489,468,468,468,555,362,448,438,547,547,547,507,505,457,549,524,524,509,968,675,1101,1101,1087,1053,1426,694,985,447,1462,1353,1079,1072,29972,29973,29976,29977,29977,29978,29978,29979,29977,29978,29978,29979,29979,29980,29980,29981,29981,29981,29980,29981]} 1. d4 Nf6 2. Nc3 d5 3. Bf4 e6 4. e3 Bd6 5. Qd2 {[#]} O-O $146 ({Predecessor:} 5... b6 6. Nf3 Bb7 7. Ne5 a6 8. f3 Nh5 9. O-O-O Nd7 10. Nxd7 Qxd7 11. Bg5 h6 12. Bh4 {0-1 (70) Kadianis,G (2002)-Moshovakis,A (1964) Rio Achaea 2018}) 6. f3 {D00: 1 d4 d5: Unusual lines.} Bxf4 7. exf4 b6 8. g4 {Black is slightly better.} c5 9. Nge2 Nc6 10. h4 Ba6 11. h5 Rc8 12. Qe3 Bxe2 ({Better is} 12... b5 $17 13. g5 Nd7 14. dxc5 b4) 13. Nxe2 $15 cxd4 14. Nxd4 Nxd4 15. Qxd4 Rxc2 16. g5 {Threatens to win with Bd3.} Nd7 $2 {[#]} (16... Ne8 $15 {keeps the upper hand.}) 17. h6 $1 $16 {[%csl Gh6][%cal Rd4g7]} e5 $2 {[%mdl 8192] Black cannot hold the game after this.} (17... gxh6 $16 {is tougher.} 18. Bd3 (18. gxh6 Qf6 $17) 18... e5) 18. Qd3 $18 Qc7 {Strongly threatening ...Re8.} 19. hxg7 {[%csl Gh1][%cal Rd3h7]} e4 20. gxf8=Q+ Kxf8 21. fxe4 dxe4 22. Qe3 Nc5 23. Qd4 (23. Rxh7 $142 Qd7 24. g6 Nd3+ 25. Bxd3 {[%mdl 64] Overworked Piece} Qxd3 26. Qxd3 exd3 27. Rxf7+ {[%mdl 64] Double Attack} Ke8 28. Rxa7) 23... Rc1+ (23... Qxf4 $142 24. Kd1 (24. Rxh7 Nd3+ {[%mdl 64] Decoy} 25. Bxd3 Qd2+ {[%mdl 64] Double Attack, Pin} 26. Kf1 Qg2+ 27. Ke1 Qd2+ {[%mdl 64] Double Attack, Pin} 28. Kf1 Qg2+ 29. Ke1 Qd2+ {[%mdl 64] Double Attack, Pin} 30. Kf1 $11) 24... Rf2) 24. Rxc1 Nd3+ 25. Bxd3 Qxc1+ 26. Kf2 Qxf4+ 27. Ke2 Qf3+ 28. Kd2 Qxh1 29. Qb4+ Kg8 30. Qxe4 Qh5 31. Qe8+ Kg7 32. Qe5+ Kg8 33. Kc3 a5 34. Qf5 Qh4 35. a3 Qe1+ (35... h5 $142 36. g6 fxg6 37. Qxg6+ Kf8 38. Qxb6 Qe1+ 39. Kc2 Qe5 40. Qf2+ Ke7) 36. Kc2 Qh1 37. Kb3 Qh4 38. Ka2 Kf8 39. Qd5 (39. Qc8+ $142 Kg7 40. Qf5) 39... Kg7 40. Qd8 (40. Qe5+ $142 Kg8 41. Qf5) 40... Qh3 (40... Qf4 $142 41. Bc2 Qc4+ 42. Bb3 Qc6) 41. Qf6+ Kg8 42. Bc4 Qh5 43. a4 {White mates.} Qg6 44. Qxg6+ hxg6 {[%mdl 4096] Endgame KB-KP} 45. Kb3 Kg7 46. Bd5 f6 47. gxf6+ Kxf6 48. Kc4 Ke5 49. Bh1 Kd6 50. Kb5 Kc7 51. b3 g5 52. Bg2 {Weighted Error Value: White=0.65/Black=0.55} 1-0